000 00355nam a2200133Ia 4500
008 210210b1970 xxu||||| |||| 00| 0 eng d
082 _a301 LASL
100 _aLASSWELL (Thomas E) & Others.
245 _aLife in society; Readings in sociology.
260 _aScott
_bForesman and company
_c1970
300 _ax,707
690 _aSociology
906 _a040993
999 _c90754
_d90754